Seznam vybraných výzkumných prací VUSTE za rok 1981

Saved in:
Bibliographic Details
Format: Book
Language:Czech
Published: Praha Výzkumný ústav strojírenské technologie a ekonomiky 1982
Series:Knižnice VUSTE sv. 183
Tags: Add Tag
No Tags, Be the first to tag this record!

MARC

LEADER 00000nam a2200000 4500
001 c119044
005 20250613080001.6
041 0 |a cze 
044 |a CZ 
245 1 0 |a Seznam vybraných výzkumných prací VUSTE za rok 1981  |c Danuše Šroubová 
264 1 |a Praha  |b Výzkumný ústav strojírenské technologie a ekonomiky  |c 1982 
300 |a 163 s. 
490 1 |a Knižnice VUSTE  |v sv. 183 
830 0 |a Knižnice VUSTE  |v sv. 183